Data visualization for Oracle Business Intelligence 11g / (Record no. 99409)

MARC details
000 -LEADER
fixed length control field 01012nam a22002657a 4500
005 - DATE AND TIME OF LATEST TRANSACTION
control field 20160405111436.0
010 ## - LCCN (DPL NO)
LC control number ENG-115056
020 ## - INTERNATIONAL STANDARD BOOK NUMBER
International Standard Book Number 9789339222406
Terms of availability 870.00
020 ## - INTERNATIONAL STANDARD BOOK NUMBER
International Standard Book Number 9339222407
Terms of availability 870.00
035 ## - SYSTEM CONTROL NUMBER
System control number EN-98588
037 ## - SOURCE OF ACQUISITION
Source of stock number/acquisition DBAD/PUB
082 ## - DEWEY DECIMAL CLASSIFICATION NUMBER
Classification number 005.8
100 ## - MAIN ENTRY--PERSONAL NAME
Personal name Vlamis, Dan
245 ## - TITLE STATEMENT
Title Data visualization for Oracle Business Intelligence 11g /
Statement of responsibility, etc by Dan Vlamis [and] Tim Vlamis
246 ## - VARYING FORM OF TITLE
Title proper/short title Data visualization for Oracle Business Intelligence 11g :
Remainder of title create highly visual presentations of BI data
260 ## - PUBLICATION, DISTRIBUTION, ETC. (IMPRINT)
Place of publication, distribution, etc New Delhi
Name of publisher, distributor, etc McGraw Hill Education
Date of publication, distribution, etc 2015
270 ## - ADDRESS
Address P-24, Green Park Extension
City New Delhi
Postal code 110016
300 ## - PHYSICAL DESCRIPTION
Extent xviii,329p. :
Dimensions 24cm(pbk)
Other physical details ill.
500 ## - GENERAL NOTE
General note Includes index
650 ## - SUBJECT ADDED ENTRY--TOPICAL TERM
Topical term or geographic name as entry element Business intelligence
General subdivision Data processing.
650 ## - SUBJECT ADDED ENTRY--TOPICAL TERM
Topical term or geographic name as entry element Business intelligence
General subdivision Databases.
650 ## - SUBJECT ADDED ENTRY--TOPICAL TERM
Topical term or geographic name as entry element Information visualization
General subdivision Computer programs.
700 ## - ADDED ENTRY--PERSONAL NAME
Personal name Vlamis, Tim
942 ## - ADDED ENTRY ELEMENTS (KOHA)
Source of classification or shelving scheme Dewey Decimal Classification
Item type English Books
Call number suffix VLA
Classification part 005.8
Holdings
Withdrawn status Lost status Not for loan Collection code Home library Current library Date acquired Source of acquisition Cost, normal purchase price Full call number Barcode Copy number Cost, replacement price Koha item type
    Not For Loan Non-fiction D.B.Act.Division D.B.Act.Division 29/02/2016 DBAD/PUB 870.00 005.8 VLA EN-98588 1 870.00 English Books

© Delhi Public Library
Hit Counter
free hit counter